Every Country to win an Olympic Medal: Triathlon - Statistics

General Stats
  • This quiz has been taken 19 times
  • The average score is 12 of 16
Answer Stats
# of Medals Country % Correct
11 Great Britain
100%
5 USA
100%
3 France
94%
5 New Zealand
94%
5 Australia
83%
2 Canada
83%
3 Germany
83%
1 Spain
83%
1 Norway
78%
6 Switzerland
78%
1 Sweden
72%
1 Portugal
67%
1 Austria
44%
1 Bermuda
44%
1 South Africa
44%
1 Czech Republic
28%
No matching quizzes found
Score Distribution
Percent of People with Each Score
Percentile by Number Answered
Your Score History
You have not taken this quiz